Sports Quiz

Random Sports Quiz

Name the Belgian sporter 2019 (hard) Quiz Stats

 Plays Quiz not verified by Sporcle

Support Sporcle.
Go Orange.
Score 0/20 Timer 10:00
0 Plays Today
% Correct
Kirsten Flipkens
100%
Tom Boon
90.9%
Yanina Wickmayer
90.9%
Hans Vanaken
90.9%
Tiesj Benoot
81.8%
Fanny Lecluyse
63.6%
Charline Vansnick
63.6%
Dedryck Boyata
63.6%
Jonathan Sacoor
54.5%
Lotte Kopecky
54.5%
% Correct
Dirk Vantichelt
45.5%
Koen Naert
45.5%
Nicky Degrendele
36.4%
Jaouad Achab
36.4%
Emma Plasschaert
27.3%
Isaac Kimeli
18.2%
Hanne Claes
18.2%
Julie Vanloo
18.2%
Sam Deroo
18.2%
Camille Laus
9.1%

You're not logged in!

Compare scores with friends on all Sporcle quizzes.
OR
Log In

From the Vault

Who Said It: SpongeBob or Nietzsche?

by cowboys277

When you gaze into the abyss, SpongeBob gazes back at you.
Remove Ads.
Support Sporcle.
Get the best of Sporcle when you Go Orange. This ad-free experience offers more features, more stats, and more fun while also helping to support Sporcle. Thank you for becoming a member.

Show Comments

Extras

Created Feb 16, 2020ReportNominate
Tags:2019, Active, Belgian, hard

Top Quizzes Today


Score Distribution

Your Account Isn't Verified!

In order to create a playlist on Sporcle, you need to verify the email address you used during registration. Go to your Sporcle Settings to finish the process.

Report this User

Report this user for behavior that violates our Community Guidelines.

Details: